000 00674nam a22002057a 4500
005 20251108175958.0
008 250721s2002 xx 000 0 ara d
082 1 4 _aط/411.2/يوس
100 1 _aوسف، عبد التواب
245 1 0 _aأصدقاء الأرقام /
264 1 _aالقاهرة :
_bالدار المصرية اللبنانية،
_c2002.
300 _a14ص.
490 0 _aلغتنا الجميلة علامات الترقيم
_v8
650 1 7 _aاللغة العربية
650 1 7 _aالحروف
650 1 7 _aعلامات الترقيم
653 _aاطفال مرحلة متوسطة(6-9)سنوات
942 _2ddc
_cBK
999 _c146918
_d146918